Political campaign communication : (Record no. 16433)
[ view plain ]
| 000 -LEADER | |
|---|---|
| fixed length control field | 01445cam a2200349 a 4500 |
| 001 - CONTROL NUMBER | |
| control field | 16735999 |
| 005 - DATE AND TIME OF LATEST TRANSACTION | |
| control field | 20170420103650.0 |
| 008 - FIXED-LENGTH DATA ELEMENTS--GENERAL INFORMATION | |
| fixed length control field | 110414s2011 mdu b 001 0 eng |
| 020 ## - INTERNATIONAL STANDARD BOOK NUMBER | |
| International Standard Book Number | 9781442206717 (cloth : alk. paper) |
| 020 ## - INTERNATIONAL STANDARD BOOK NUMBER | |
| International Standard Book Number | 1442206713 (cloth : alk. paper) |
| 020 ## - INTERNATIONAL STANDARD BOOK NUMBER | |
| International Standard Book Number | 9781442206724 (pbk. : alk. paper) |
| 020 ## - INTERNATIONAL STANDARD BOOK NUMBER | |
| International Standard Book Number | 1442206721 (pbk. : alk. paper) |
| 020 ## - INTERNATIONAL STANDARD BOOK NUMBER | |
| International Standard Book Number | 9781442206731 (ebk.) |
| 020 ## - INTERNATIONAL STANDARD BOOK NUMBER | |
| International Standard Book Number | 144220673X (ebk.) |
| 035 ## - SYSTEM CONTROL NUMBER | |
| System control number | (OCoLC)ocn707966839 |
| 040 ## - CATALOGING SOURCE | |
| Original cataloging agency | DLC |
| Transcribing agency | DLC |
| Modifying agency | YDX |
| -- | BTCTA |
| -- | YDXCP |
| -- | BWX |
| -- | UKMGB |
| -- | COO |
| -- | CDX |
| -- | DLC |
| 082 00 - DEWEY DECIMAL CLASSIFICATION NUMBER | |
| Classification number | 324.73 |
| Edition number | 22 |
| Item number | TRE |
| 100 1# - MAIN ENTRY--PERSONAL NAME | |
| Personal name | Trent, Judith S. |
| 9 (RLIN) | 28777 |
| 245 10 - TITLE STATEMENT | |
| Title | Political campaign communication : |
| Remainder of title | principles and practices / |
| Statement of responsibility, etc | Judith S. Trent, Robert V. Friedenberg, and Robert E. Denton, Jr. |
| 250 ## - EDITION STATEMENT | |
| Edition statement | 7th ed. |
| 260 ## - PUBLICATION, DISTRIBUTION, ETC. (IMPRINT) | |
| Place of publication, distribution, etc | Lanham : |
| Name of publisher, distributor, etc | Rowman & Littlefield Publishers, |
| Date of publication, distribution, etc | c2011. |
| 300 ## - PHYSICAL DESCRIPTION | |
| Extent | xii, 446 p. ; |
| Dimensions | 24 cm. |
| 490 0# - Series Statement | |
| Series statement | Communication, media, and politics |
| -- | 28778 |
| 504 ## - BIBLIOGRAPHY, ETC. NOTE | |
| Bibliography, etc | Includes bibliographical references (p. 379-429, 431-435) and index. |
| 650 #0 - SUBJECT ADDED ENTRY--TOPICAL TERM | |
| Topical term or geographic name as entry element | Political campaigns. |
| 9 (RLIN) | 28779 |
| 650 #0 - SUBJECT ADDED ENTRY--TOPICAL TERM | |
| Topical term or geographic name as entry element | Communication in politics. |
| 9 (RLIN) | 28780 |
| 653 ## - INDEX TERM--UNCONTROLLED | |
| Resource For college | |
| Arrived date list | February2012 |
| 700 1# - ADDED ENTRY--PERSONAL NAME | |
| Personal name | Friedenberg, Robert V. |
| 9 (RLIN) | 28781 |
| 700 1# - ADDED ENTRY--PERSONAL NAME | |
| 9 (RLIN) | 28782 |
| Personal name | Denton, Robert E., |
| Titles and other words associated with a name | Jr. |
| 942 ## - ADDED ENTRY ELEMENTS (KOHA) | |
| Source of classification or shelving scheme | Dewey Decimal Classification |
| Item type | Book - Borrowing |
| Withdrawn status | Item status | Source of classification or shelving scheme | Damaged status | Not for loan | Vendor | Home library | Current library | Shelving location | Date acquired | Source of acquisition | Cost, normal purchase price | Serial Enumeration / chronology | Total Checkouts | Full call number | Barcode | Date last seen | Koha item type |
|---|---|---|---|---|---|---|---|---|---|---|---|---|---|---|---|---|---|
| Dewey Decimal Classification | MERIC | Central Library | Central Library | First floor | 09/02/2012 | 298.00 | 13168 | 324.73 TRE | 000026047 | 15/07/2025 | Book - Borrowing |